Cytochemistry of white root rots of rubber (Record no. 56702)

MARC details
000 -LEADER
fixed length control field 00473nam a2200169Ia 4500
100 ## - MAIN ENTRY--AUTHOR NAME
Personal name Nicole M
245 #0 - TITLE STATEMENT
Title Cytochemistry of white root rots of rubber
260 ## - PUBLICATION, DISTRIBUTION, ETC. (IMPRINT)
Name of publisher In: Interactions Plantes-Microorganismes, 1993, Proceedings, pp. 270-276
Year of publication 1993
500 ## - GENERAL NOTE
General note Source Year: 1994
700 ## - ADDED ENTRY--PERSONAL NAME
Personal name Benhamou N
700 ## - ADDED ENTRY--PERSONAL NAME
Personal name Chamberland H
700 ## - ADDED ENTRY--PERSONAL NAME
Personal name Geiger J P
700 ## - ADDED ENTRY--PERSONAL NAME
Personal name Ouetette G B
856 ## - ELECTRONIC LOCATION AND ACCESS
Uniform Resource Identifier ATA
942 ## - ADDED ENTRY ELEMENTS (KOHA)
Koha item type Journals
Holdings
Withdrawn status Lost status Damaged status Not for loan Home library Current library Shelving location Date acquired Koha item type
      Journals RRII Library RRII Library Pathology 17/12/2021 Journals